Sistema de información gráfica en el sector de telecomunicaciones del I.C.E
সংরক্ষণ করুন:
| প্রধান লেখক: | |
|---|---|
| অন্যান্য লেখক: | , |
| বিন্যাস: | গ্রন্থ |
| প্রকাশিত: |
San José, Costa Rica
1987
|
| বিষয়গুলি: | |
| ট্যাগগুলো: |
ট্যাগ যুক্ত করুন
কোনো ট্যাগ নেই, প্রথমজন হিসাবে ট্যাগ করুন!
|
MARC
| LEADER | 00000nam a2200000Ia 4500 | ||
|---|---|---|---|
| 003 | 007209 | ||
| 005 | 20221231144311.0 | ||
| 008 | 140114s1987 cr a m 000 ||s |d | ||
| 040 | |c cru CEDI | ||
| 090 | |a TFG 2953 | ||
| 100 | |a Calderón Leal, Marco Antonio |9 11789 | ||
| 245 | |a Sistema de información gráfica en el sector de telecomunicaciones del I.C.E | ||
| 260 | |c 1987 |a San José, Costa Rica | ||
| 300 | |a 2 volúmenes (algunas hojas plegables) : ilustraciones ; 26 cm | ||
| 500 | |a Proyecto de graduacion (bachillerato en ingenieria industrial)-- Universidad de Costa Rica. Facultad de Ingenieria. Escuela de Ingenieria Industrial | ||
| 650 | |x INSTITUTO COSTARRICENSE DE ELECTRICIDAD |x SISTEMAS DE TRANSMISION DE DATOS |x SISTEMAS DE TELECOMUNICACION |9 11792 | ||
| 700 | |9 11790 |a Mesalles Salazar, Francisco J. | ||
| 700 | |9 11791 |a Vargas Martínez, José Alberto | ||
| 942 | |c TFG | ||
| 999 | |c 19797 |d 19797 | ||
